Проблемы микроволноводной голографии: межвузовский сборник научных трудов

Podrobná bibliografie
Korporativní autor: Московский государственный институт радиотехники, электроники и автоматики (Технический университет) (МИРЭА)
Jazyk:ruština
Vydáno: Москва, [Б. и.], 1979
Témata:
Médium: MixedMaterials Kniha
KOHA link:https://koha.lib.tpu.ru/cgi-bin/koha/opac-detail.pl?biblionumber=162555

MARC

LEADER 00000nam0a2200000 4500
001 162555
005 20231031160417.0
035 |a (RuTPU)RU\TPU\book\176302 
090 |a 162555 
100 |a 20090623d1979 km y0rusy50 ca 
101 0 |a rus 
102 |a RU 
105 |a a z 001zy 
200 1 |a Проблемы микроволноводной голографии  |e межвузовский сборник научных трудов  |f Московский государственный институт радиотехники, электроники и автоматики (Технический университет) (МИРЭА) 
210 |a Москва  |c [Б. и.]  |d 1979 
215 |a 185 с.  |c ил. 
320 |a Библиография в конце статей 
610 1 |a голография 
610 1 |a сборники 
675 |a 778.4  |v 3 
712 0 2 |a Московский государственный институт радиотехники, электроники и автоматики (Технический университет) (МИРЭА)  |2 stltpush  |3 (RuTPU)RU\TPU\col\119 
801 1 |a RU  |b 63413507  |c 20090623  |g PSBO 
801 2 |a RU  |b 63413507  |c 20090813  |g RCR 
942 |c BK